Philosophy for Children: (Record no. 228222)
[ view plain ]
| 000 -LEADER | |
|---|---|
| fixed length control field | 01290nam a22002657a 4500 |
| 005 - DATE AND TIME OF LATEST TRANSACTION | |
| control field | 20230805112304.0 |
| 008 - FIXED-LENGTH DATA ELEMENTS--GENERAL INFORMATION | |
| fixed length control field | 230805b ||||| |||| 00| 0 eng d |
| 020 ## - INTERNATIONAL STANDARD BOOK NUMBER | |
| International Standard Book Number | 9789391218270 |
| 040 ## - CATALOGING SOURCE | |
| Transcribing agency | AL |
| 041 ## - LANGUAGE CODE | |
| Language code of text/sound track or separate title | eng |
| 082 ## - DEWEY DECIMAL CLASSIFICATION NUMBER | |
| Edition number | 23 |
| Classification number | 181.4 |
| Item number | SARP |
| 100 ## - MAIN ENTRY--PERSONAL NAME | |
| Personal name | Sundar Sarukkari |
| 100 ## - MAIN ENTRY--PERSONAL NAME | |
| 9 (RLIN) | 129473 |
| 245 ## - TITLE STATEMENT | |
| Title | Philosophy for Children: |
| Remainder of title | Thinking Reading Writing |
| 260 ## - PUBLICATION, DISTRIBUTION, ETC. | |
| Place of publication, distribution, etc. | New Delhi |
| Name of publisher, distributor, etc. | Jugnoo Prakashan |
| Date of publication, distribution, etc. | 2021 |
| 300 ## - PHYSICAL DESCRIPTION | |
| Extent | vi,72p. |
| Other physical details | PB |
| Dimensions | 21x21cm. |
| 365 ## - TRADE PRICE | |
| Source of price type code | Political Science |
| Price type code | 3174 |
| Price amount | 220.00 |
| Currency code | ₹ |
| Unit of pricing | 275.00 |
| Price note | 20% |
| Price effective from | 01-08-2023 |
| 521 ## - TARGET AUDIENCE NOTE | |
| Target audience note | Sundar Sarukkai finds philosophy and philosophical thinking in our everyday life. With him, you can look at a chair philosophically. Oh yes, even a chair! You just need to train your eyes and think... It all begins with seeing and adds to our thinking, reading, writing, and even being ourselves. A book that will stay with you forever and a book you would take to the future! Priya Kuriyan's illustrations make the book a visual treat. The life of the characters she has created for the book would enrich your reading experience. |
| 650 ## - SUBJECT ADDED ENTRY--TOPICAL TERM | |
| Topical term or geographic name entry element | Seeing |
| 9 (RLIN) | 129474 |
| 650 ## - SUBJECT ADDED ENTRY--TOPICAL TERM | |
| Topical term or geographic name entry element | Mathematics |
| 9 (RLIN) | 129475 |
| 650 ## - SUBJECT ADDED ENTRY--TOPICAL TERM | |
| Topical term or geographic name entry element | Art |
| 9 (RLIN) | 129476 |
| 650 ## - SUBJECT ADDED ENTRY--TOPICAL TERM | |
| Topical term or geographic name entry element | Being Good |
| 9 (RLIN) | 129477 |
| 650 ## - SUBJECT ADDED ENTRY--TOPICAL TERM | |
| Topical term or geographic name entry element | Learning |
| 9 (RLIN) | 129478 |
| 700 ## - ADDED ENTRY--PERSONAL NAME | |
| Personal name | SARUKKAI (Sundar) |
| 9 (RLIN) | 129479 |
| 942 ## - ADDED ENTRY ELEMENTS (KOHA) | |
| Source of classification or shelving scheme | Dewey Decimal Classification |
| Koha item type | Book |
| Withdrawn status | Lost status | Source of classification or shelving scheme | Damaged status | Not for loan | Collection code | Home library | Current library | Date acquired | Source of acquisition | Cost, normal purchase price | Total Checkouts | Full call number | Barcode | Date last seen | Date last checked out | Cost, replacement price | Price effective from | Koha item type |
|---|---|---|---|---|---|---|---|---|---|---|---|---|---|---|---|---|---|---|
| Dewey Decimal Classification | Political Science | St Aloysius Library | St Aloysius Library | 08/04/2023 | Biblios Book Point Surathkal Mangalore 575014 | 220.00 | 1 | 181.4 SARP | 076656 | 11/07/2023 | 10/11/2023 | 275.00 | 08/05/2023 | Book |